Central Library OPAC University of Rajshahi

Child Mortality and its Impact on Reproductive Pattern in Bangladesh / (Record no. 79332)

MARC details
000 -LEADER
fixed length control field 00921nam a2200241 a 4500
001 - CONTROL NUMBER
RUCL Control Number 79332
003 - CONTROL NUMBER IDENTIFIER
rucl marc code BD-RjUL
005 - DATE AND TIME OF LATEST TRANSACTION
control field 20220411123414.0
008 - FIXED-LENGTH DATA ELEMENTS--GENERAL INFORMATION
fixed length control field 220207s2011eng |||a|||| m||| 00| 0 eng d
035 ## - SYSTEM CONTROL NUMBER
system control number (BD-RjUL)79332
040 ## - CATALOGING SOURCE
Original cataloging agency BD-RjUL
Language of cataloging eng
Transcribing agency BD-RjUL
Modifying agency BD-RjUL
041 ## - LANGUAGE CODE
Language code of Book eng
082 ## - DEWEY DECIMAL CLASSIFICATION NUMBER
Classification number 304.64095492
Author mark and Year KAC 2011
DDC Edition number 23
100 ## - MAIN ENTRY--PERSONAL NAME
Personal name Kamruzzaman, Mohammad
9 (RLIN) 1183
245 01 - TITLE STATEMENT
Title Child Mortality and its Impact on Reproductive Pattern in Bangladesh /
Statement of responsibility, etc Mohammad Kamruzzaman ;
Name of Supervisor/Co-Supervisor Supervisor : Md. Nurul Islam
260 ## - PUBLICATION, DISTRIBUTION, ETC. (IMPRINT)
Place of publication, distribution, etc Rajshahi :
Name of publisher, distributor, etc Institute of Bangladesh Studies, University of Rajshahi,
Date of publication, distribution, etc 2011
300 ## - PHYSICAL DESCRIPTION
Pagination xxviii, 309 Leves :
Other physical details ill. ;
Dimensions 29 cm.
502 ## - DISSERTATION NOTE
Dissertation note Thesis (Ph. D.) -- Institute of Bangladesh Studies, University of Rajshahi, 2011
504 ## - BIBLIOGRAPHY, ETC. NOTE
Bibliography, etc Bibliography : Leves (299-309)
650 ## - SUBJECT ADDED ENTRY--TOPICAL TERM
Topical term or geographic name as entry element Children
General subdivision Mortality
Geographic subdivision Bangladesh
9 (RLIN) 2378
700 ## - ADDED ENTRY--SUPERVISOR/CO-SUPERVISOR NAME
Personal name Islam, Md. Nurul, Supervisor
9 (RLIN) 1185
942 ## - ADDED ENTRY ELEMENTS (KOHA)
Source of classification or shelving scheme Dewey Decimal Classification
Koha item type Theses
Holdings
Source of classification or shelving scheme Damaged status Not for loan Collection code Permanent Location Current Location Shelving location Date of accession Source of acquisition Total Checkouts Full call number Barcode Date last seen Copy number Thesis
Dewey Decimal Classification   Not For Loan Theses Central Library, University of Rajshahi Central Library, University of Rajshahi Documentation Section 13/11/2012 Controller of Exam., R.U   THE 304.64095492 KAC 2011 D3422 07/02/2022 C-1 Theses